| 000 | 00946nam a22003017a 4500 | ||
|---|---|---|---|
| 003 | CHAP | ||
| 005 | 20220329134810.0 | ||
| 008 | 971013s1985 r 00010 d | ||
| 010 | _a26133 | ||
| 011 | _a27105 | ||
| 035 | _a31206 | ||
| 040 | _cCHAP | ||
| 082 |
_a070.175 _bI5 |
||
| 110 |
_aInternational Serials Data System. International Centre _959798 |
||
| 245 | _aList of serial title word abreviations | ||
| 260 |
_aParis : _bISDS, _c(1985?) |
||
| 300 | _a215 p | ||
| 500 | _aFotocopia | ||
| 590 |
_aBATCH-UPD _b10 _c20130109 _lUCH01 _h2330 |
||
| 590 |
_aBATCH-UPD _b10 _c20130409 _lUCH01 _h1855 |
||
| 590 |
_aBATCH-UPD _b10 _c20130914 _lUCH01 _h1945 |
||
| 590 |
_aCONVERSION _b10 _c20130109 _lUCH01 _h1315 |
||
| 650 | 1 | 4 |
_aPublicaciones periódicas _xAbreviaturas. _992715 |
| 901 | _aBK | ||
| 942 | _cLIBRO | ||
| 949 |
_a070.175 I5 _bBC _cB _d312061 _eB _fc.2 _h99694 _i31206 _sb |
||
| 949 |
_a070.175 I5 _bBC _cC _d33724000906798 _eC _h72067 _i31206 _si |
||
| 999 |
_c26133 _d26133 |
||